banner koha

Plano Agronordeste: relatório de atuação 2020 (Registro n. 327990)

MARC details
000 -LÍDER
Campo de controle fixo 01267nam a22004457a 4500
001 - NÚMERO DE CONTROLE
Número de controle BR2024002808
003 - CÓDIGO MARC DA AGÊNCIA CATALOGADORA
Campo de controle BR-BrBNA
005 - DATA E HORA DA ÚLTIMA ATUALIZAÇÃO
Campo de controle 20241009122632.0
008 - CAMPO DE TAMANHO FIXO
Campo fixo de controle 241008b bl.||||| |||| 00| 0 por d
040 ## - FONTE DA CATALOGAÇÃO
Agência catalogadora BR-BrBNA
Idioma da catalogação por
041 ## - CÓDIGO DO IDIOMA
Código do Idioma por
072 ## - CATEGORIA AGRIS
Código da categoria de assunto/objeto <a href="E10 ; E13 ; E14">E10 ; E13 ; E14</a>
090 ## - NÚMERO DE CHAMADA
Localização na estante E10 BR2024002808
110 ## - ENTRADA PRINCIPAL - ENTIDADE
Nome da entidade ou lugar Ministério da Agricultura, Pecuária e Abastecimento, Brasília, DF (Brasil)
9 (RLIN) 6897
110 ## - ENTRADA PRINCIPAL - ENTIDADE
Nome da entidade ou lugar Banco do Nordeste, Fortaleza, CE (Brasil)
245 ## - TÍTULO PRINCIPAL
Título principal Plano Agronordeste: relatório de atuação 2020
260 ## - IMPRENTA (PUBLICAÇÃO, DISTRIBUIÇÃO, ETC.)
Lugar de publicação, distribuição, etc. Brasília, DF (Brasil)
Data de publicação, distribuição, etc 2021
300 ## - DESCRIÇÃO FÍSICA
Extensão 20 p.
500 ## - NOTA GERAL
Notas gerais 8 illus.; 5 tables
650 ## - ASSUNTO - THESAGRO
Cabeçalho tópico ou nome geográfico NORDESTE
650 ## - ASSUNTO - THESAGRO
Cabeçalho tópico ou nome geográfico POLÍTICA AGRÍCOLA
650 ## - ASSUNTO - THESAGRO
Cabeçalho tópico ou nome geográfico POLÍTICA AGROPECUÁRIA
650 ## - ASSUNTO - THESAGRO
Cabeçalho tópico ou nome geográfico POLÍTICA DE CRÉDITO
650 ## - ASSUNTO - THESAGRO
Cabeçalho tópico ou nome geográfico AGROINDÚSTRIA
650 ## - ASSUNTO - THESAGRO
Cabeçalho tópico ou nome geográfico PEQUENO PRODUTOR
650 ## - ASSUNTO - THESAGRO
Cabeçalho tópico ou nome geográfico MÉDIO PRODUTOR
650 ## - ASSUNTO - THESAGRO
Cabeçalho tópico ou nome geográfico ASSISTÊNCIA TÉCNICA
650 ## - ASSUNTO - THESAGRO
Cabeçalho tópico ou nome geográfico DEFESA FITOSSANITÁRIA
650 ## - ASSUNTO - THESAGRO
Cabeçalho tópico ou nome geográfico ASSOCIATIVISMO
650 ## - ASSUNTO - THESAGRO
Cabeçalho tópico ou nome geográfico INVESTIMENTO
650 ## - ASSUNTO - THESAGRO
Cabeçalho tópico ou nome geográfico CUSTEIO
650 ## - ASSUNTO - THESAGRO
Cabeçalho tópico ou nome geográfico COMERCIALIZAÇÃO
650 ## - ASSUNTO - THESAGRO
Cabeçalho tópico ou nome geográfico CADEIA PRODUTIVA
650 ## - ASSUNTO - THESAGRO
Cabeçalho tópico ou nome geográfico AGREGAÇÃO DE VALOR
650 ## - ASSUNTO - THESAGRO
Cabeçalho tópico ou nome geográfico ENERGIA SOLAR
650 ## - ASSUNTO - THESAGRO
Cabeçalho tópico ou nome geográfico INOVAÇÃO
650 ## - ASSUNTO - THESAGRO
Cabeçalho tópico ou nome geográfico SUSTENTABILIDADE
909 ## - IDENTIFICAÇÃO DO CATALOGADOR
Ano e mês da catalogação (aaaamm) 202410
Identificação do catalogador Fernando
942 ## - TIPO ESPECÍFICO
Tipo de material Livros
952 ## - LOCATION AND ITEM INFORMATION (KOHA)
-- 2024-10-08
Exemplares
Status de empréstimo Fonte de classificação Status de danificação Não pode ser emprestado Código da coleção Localização permanente Localização atual Localização na estante Total Checkouts Número de chamada Código de barras Tipo de material
  Classificação AGRIS     Agrobase Biblioteca Nacional de Agricultura - Binagri Biblioteca Nacional de Agricultura - Binagri Agrobase - Acervo Geral   E10 BR2024002808 2024-6098 Livros

BINAGRI

Telefone: (61)3218-2567/2388/3357/2097 - binagri@agro.gov.br

Ministério da Agricultura e Pecuária , Esplanada dos Ministérios, Bloco D, Anexo B, Brasília/DF, CEP: 70.043-900